| 000 | 00464nam a2200181Ia 4500 | ||
|---|---|---|---|
| 001 | 12829 | ||
| 005 | 20260306163009.0 | ||
| 008 | 260306t2017||||xx |||||||||||||| ||spa|| | ||
| 041 | _aESP | ||
| 082 |
_aRD 340.3 _bM96 V. 2 |
||
| 100 |
_aMuñoz Machado, Santiago _eAUT |
||
| 245 | 0 | _aDiccionario panhispánico del español jurídico | |
| 260 | _c2017 | ||
| 300 |
_aPáginas 1061-2131 : _c25 cm. |
||
| 650 | _aGEN | ||
| 654 | _aCDE | ||
| 942 |
_cDIC _dJUS _fJUS _2ddc _n |
||
| 999 |
_c12829 _d12829 |
||